Name Every Uno Cards - Statistics

General Stats
  • This quiz has been taken 143 times
  • The average score is 27 of 54
Answer Stats
Answer % Correct
Red 1
87%
Red 2
84%
Red 3
82%
Red 7
82%
Red 4
81%
Red 5
81%
Red 6
81%
Red 8
80%
Red 9
80%
Red 0
79%
Red reverse
65%
Blue 1
56%
Blue 2
55%
Blue 3
55%
Blue 4
55%
Blue 0
54%
Blue 5
54%
Blue 6
54%
Blue 7
54%
Wild
54%
Blue 8
53%
Blue 9
53%
Red skip
52%
Blue reverse
49%
Green 1
48%
Green 2
48%
Green 0
47%
Green 3
47%
Green 4
47%
Green 6
47%
Green 5
46%
Green 7
46%
Green 8
46%
Green 9
46%
Yellow 1
46%
Green reverse
40%
Yellow 2
40%
Yellow 3
40%
Yellow 4
39%
Yellow 0
38%
Yellow 5
38%
Yellow 6
37%
Yellow 7
37%
Blue skip
36%
Yellow 8
35%
Red draw 2
34%
Yellow 9
31%
Blue draw 2
29%
Green skip
29%
Green draw 2
26%
Wild draw 4
26%
Yellow reverse
26%
Yellow skip
20%
Yellow draw 2
16%
No matching quizzes found
Score Distribution
Percent of People with Each Score
Percentile by Number Answered
Your Score History
You have not taken this quiz